| 000 | 005120000a22001690004500 | ||
|---|---|---|---|
| 005 | 20170207142244.0 | ||
| 008 | 170207b xxu||||| |||| 00| 0 spa d | ||
| 040 |
_aCO-BoIAVH _cCO-BoIAVH |
||
| 041 | _aspa | ||
| 090 |
_aMM _b00258 |
||
| 245 | 1 | 0 |
_aPlan de manejo de ecosistemas estratégicos para las áreas rurales del Distrito Capital. _bPropuesta estructural y funcional. |
| 257 | _aColombia | ||
| 300 |
_aCD-ROM _b1 |
||
| 500 | _aSecciones 5 y 6 | ||
| 500 | _aconvenio Dama - Corpoica | ||
| 942 |
_cCD-ROM _2z |
||
| 999 |
_c16643 _d16643 |
||